25 уроков шашечной игры

Détails bibliographiques
Auteur principal: Хацкевич Г. И. Геннадий Ильич
Résumé:Исключено из фонда НТБ ТПУ
Langue:russe
Publié: Минск, Полымя, 1979
Sujets:
Format: MixedMaterials Livre
KOHA link:https://koha.lib.tpu.ru/cgi-bin/koha/opac-detail.pl?biblionumber=135223

MARC

LEADER 00000nam0a2200000 4500
001 135223
005 20250513112228.0
035 |a (RuTPU)RU\TPU\book\146556 
090 |a 135223 
100 |a 20080408d1979 m y0rusy5003 ca 
101 0 |a rus 
102 |a BY 
105 |a a z 001zy 
200 1 |a 25 уроков шашечной игры  |f Г. И. Хацкевич 
210 |a Минск  |c Полымя  |d 1979 
215 |a 264 с.  |c ил. 
320 |a Библиогр.: с.261 
333 |a Исключено из фонда НТБ ТПУ 
610 1 |a русские шашки 
610 1 |a уроки 
610 1 |a теория 
610 1 |a миттельшпиль 
610 1 |a дебюты 
610 1 |a эндшпиль 
610 1 |a приемы 
610 1 |a позиции 
610 1 |a шашечные партии 
675 |a 794.2 
700 1 |a Хацкевич  |b Г. И.  |g Геннадий Ильич 
801 0 |a RU  |b RuMRKP  |c 19950704  |g psbo 
801 1 |a RU  |b 63413507  |c 20080408  |g PSBO 
801 2 |a RU  |b 63413507  |c 20080408  |g PSBO 
850 |a 63413507 
942 |c BK